| 000 | 00538nam a2200205Ia 4500 | ||
|---|---|---|---|
| 008 | 170918s9999 xx 000 0 und d | ||
| 020 | _a9780590466639 | ||
| 050 | _bB468 1994 | ||
| 100 | _aBenjamin, Cynthia | ||
| 245 | _aFootprints in the snow / | ||
| 245 | _cCynthia Benjamin ; illustrated by Jacqueline Rogers. | ||
| 260 | _aNew York : | ||
| 260 | _bScholastic, | ||
| 260 | _c1994 | ||
| 300 | _aunpaged : | ||
| 300 | _bcolored illustration ; | ||
| 300 | _c23cm. | ||
| 440 | _aBeginning reader level one. | ||
| 500 | _a20 | ||
| 999 |
_c340957 _d340957 |
||